مكتبة جامعة عجلون الوطنية

فهرس بحث المكتبة

الخلافة العباسية: السقوط والانهيار، ج2 (Record no. 31630)

MARC details
000 -LEADER
fixed length control field 00911nam a2200229Ii 4500
003 - CONTROL NUMBER IDENTIFIER
control field JO-AjNU
008 - FIXED-LENGTH DATA ELEMENTS--GENERAL INFORMATION
fixed length control field 230605s9999||||xx |||||||||||||| ||und||
017 ## - COPYRIGHT OR LEGAL DEPOSIT NUMBER
Copyright or legal deposit number 1998/8/1252
020 ## - INTERNATIONAL STANDARD BOOK NUMBER
International Standard Book Number 978-9957-00-008-0
040 ## - CATALOGING SOURCE
Original cataloging agency JO-AjNU
Language of cataloging ara
Description conventions rda
Transcribing agency JO-AjNU
041 ## - LANGUAGE CODE
Language code of text/sound track or separate title ara
050 14 - LIBRARY OF CONGRESS CALL NUMBER
Classification number DS38.6.F37 2020
100 3# - MAIN ENTRY--PERSONAL NAME
Personal name فوزي، فاروق عمر,
Relator term author
9 (RLIN) 62018
245 00 - TITLE STATEMENT
Title الخلافة العباسية: السقوط والانهيار، ج2
250 ## - EDITION STATEMENT
Edition statement الطبعة العربية الاولى
264 31 - PRODUCTION, PUBLICATION, DISTRIBUTION, MANUFACTURE, AND COPYRIGHT NOTICE
Place of production, publication, distribution, manufacture عمان: دار الشروق للنشر والتوزيع، 2020
300 ## - PHYSICAL DESCRIPTION
Extent ج2: 309ص
Other physical details ويحتوي على قائمة مراجع من ص291-ص309
336 ## - CONTENT TYPE
Content type term text
Content type code txt
Source rdacontent
337 ## - MEDIA TYPE
Media type term unmediated
Media type code n
Source rdamedia
338 ## - CARRIER TYPE
Carrier type term volume
Carrier type code nc
Source rdacarrier
650 #4 - SUBJECT ADDED ENTRY--TOPICAL TERM
Topical term or geographic name entry element العباسيون-الثورات-البلاد الاسلامية-تاريخ-العصر العباسي
9 (RLIN) 62019
Holdings
Withdrawn status Lost status Source of classification or shelving scheme Damaged status Not for loan Home library Current library Shelving location Date acquired Total Checkouts Full call number Barcode Date last seen Price effective from Koha item type
    Library of Congress Classification     مكتبة جامعة عجلون الوطنية مكتبة جامعة عجلون الوطنية المجموعات العامة 06/06/2023   DS38.6.F37 2020 A28062 06/06/2023 06/06/2023 Books